000 01473nam a22001937a 4500
003 IT-RoPau
005 20220918175935.0
008 121110b xxu||||| |||| 00| 0 eng d
040 _cIT-RoPau
100 _aAlberione Giacomo
_qPrediche alle Pie Discepole del Divin Maestro
_929
245 _aPrediche tenute alle Pie Discepole del Divin Maestro.
_bVol. IV anno 1959 numeri marginali: 1-139
250 _a1
260 _aRoma
_bPDDM
_c?1960?
300 _a243 p.
_c29,5 cm
490 _aIV
_vIV
500 _aCome nei volumi precedenti
520 _aPrefazione 116) Anno nuovo 117) Epifania del Signore 118) La scienza della croce 119) La croce quotidiana 120) Le tre pratiche di pietà fondamentali 121) L' apostolato del servizio sacerdotale 122) La povertà 123) Il Noviziato 124) La Professione religiosa 125) Consacrazione a Maria SS. 126) Ognuno si costruisce la propria eternita' 127) Progredire collettivamente e individualmente 128) La morte 129) La risurrezione 130) Il Giudizio di Dio 131) Le tre pratiche di pietà e l' apost. eucar. 132) L' apostolo liturgico e sacerdotale 133) Domenica XX dopo Pentecoste 134) Domenica XXI dopo Pentecoste 135) La meditazione 136) Festa di Gesu' Cristo Re 137) Domenica V dopo l' Epifania 138) Intenzioni per la Visita 139) La carita' verso il prossimo misura dell' amore Indici I - Indice analitico II - Indice delle citazioni bibliche III - Indice delle citazioni varie IV - Indice generale
942 _2ddc
_cBK
999 _c37496
_d37496